Biggest Countries with Only One Time Zone - Statistics

General Stats
  • This quiz has been taken 27 times
  • The average score is 8 of 15
Answer Stats
Area (km2) Time Zone Country % Correct
9,596,961 UTC+8 China
96%
3,287,263 UTC+5:30 India
74%
2,780,400 UTC-3 Argentina
70%
1,221,037 UTC+2 South Africa
67%
2,724,900 UTC+6 Kazakhstan
59%
1,267,000 UTC+1 Niger
59%
1,904,569 UTC+7 Indonesia
56%
1,564,116 UTC+8 Mongolia
56%
2,381,741 UTC+1 Algeria
52%
2,149,690 UTC+3 Saudi Arabia
48%
1,648,195 UTC+3:30 Iran
44%
1,240,192 UTC+0 Mali
44%
1,284,000 UTC+1 Chad
41%
1,759,540 UTC+2 Libya
33%
1,246,000 UTC+1 Angola
30%
No matching quizzes found
Score Distribution
Percent of People with Each Score
Percentile by Number Answered
Your Score History
You have not taken this quiz